New perspectives on Microsoft Excel 7 for Windows 95 : comprehensive /

Sparad:
Bibliografiska uppgifter
Huvudupphovsman: Parsons, June Jamrich.
Övriga upphovsmän: Oja, Dan., Auer, David.
Materialtyp: Bok
Språk:English
Publicerad: Cambridge, MA : Course Technology, 1996.
Ämnen:
Taggar: Lägg till en tagg
Inga taggar, Lägg till första taggen!
Thư viện lưu trữ: Mạng thư viện Đại học Đà Nẵng
LEADER 01109cam a2200385 i 4500
001 000049614
003 9608
005 20030317101842.0
008 010403|1996 vm 000 eng
020 |a 0760035350 
040 |a IRC  |c IRC  |d IRC 
041 0 |a eng 
082 1 4 |a 005.369  |b PA-J 
100 1 |a Parsons, June Jamrich. 
245 0 0 |a New perspectives on Microsoft Excel 7 for Windows 95 :  |b comprehensive /  |c June Jamrich Parsons, Dan Oja, David Auer. 
260 |a Cambridge, MA :  |b Course Technology,  |c 1996. 
300 |a 235p. ;  |c 27.5cm. 
630 0 4 |a Microsoft Windows. 
630 0 4 |a Computer programs. 
630 0 4 |a Microsoft Excel for Windows. 
650 0 4 |a Microsoft Windows (Computer file) 
650 0 4 |a Electronic spreadsheets  |x Computer programs. 
650 0 4 |a Microsoft Excel for Windows. 
700 1 |a Oja, Dan. 
700 1 |a Auer, David. 
OWN |a DUT 
999 |a From the UDN01 
TYP |a Monograph 
TYP |a Printed language 
980 |a Mạng thư viện Đại học Đà Nẵng